| 000 | 00793nam a2200277 a 4500 | ||
|---|---|---|---|
| 001 | 34295 | ||
| 003 | BD-RjUL | ||
| 005 | 20211209052133.0 | ||
| 008 | 140515t19821977enk b 001 0 eng d | ||
| 020 | _a0422783404 | ||
| 035 | _a(BD-RjUL)34389 | ||
| 040 |
_aLC _beng _cLC _dXNTU _dBD-RjUL |
||
| 041 | _aeng | ||
| 082 | 0 | 4 |
_a309.263 _bLOI 1982 |
| 100 | 1 |
_aLong, Norman. _9104265 |
|
| 245 | 1 | 3 |
_aAn introduction to the sociology of rural development / _cNorman Long. |
| 250 | _aELBS ed. | ||
| 260 |
_aLondon : _bTavistock, _cc1977 [1982]. |
||
| 300 |
_a221 p. ; _c22 cm. |
||
| 504 | _aBibliography: p. 202-215and indexes. | ||
| 650 | 0 |
_aRural development _xSociological aspects. _9104266 |
|
| 942 |
_2ddc _cBK |
||
| 999 |
_c34295 _d34295 |
||